Biggest cities in Central America / Caribbean - Statistics

General Stats
  • This quiz has been taken 32 times
    16 since last reset
  • The average score is 10 of 15
Answer Stats
Country Population Answer % Correct
Guatemala 2,450,000 Guatemala City
100%
Cuba 1,120,000 Havana
100%
Jamaica 801,068 Kingston
100%
Nicaragua 879,231 Managua
100%
Panama 967,896 Panama City
100%
El Salvador 900,986 San Salvador
100%
Dominican Republic 2,000,000 Santo Domingo
100%
Honduras 845,785 Tegucigalpa
92%
Dominican Republic 789,685 Santiago de Dominicá
69%
Honduras 879,896 San Pedro Sula
46%
Panama 925,987 Colon
31%
Nicaragua 904,986 Leòn
31%
Cuba 770,789 Santa Clara
15%
Dominican Republic 923,785 De Tucomén
0%
Nicaragua 870,300 Juligalpa
0%
No matching quizzes found
Score Distribution
Percent of People with Each Score
Percentile by Number Answered
Your Score History
You have not taken this quiz since the last reset